000 00731nam a2200205Ia 4500
003 0
005 20250128103438.0
008 150126s9999 xx 000 0 und d
050 _aPGS QR 201.S8
_b.L864 2014
100 _aLopez, Joseph-Baldom I.
245 4 _aThe use of Moringa leaves on Staphylococcus aureus /
_cJoseph-Baldom I. Lopez.
260 _aLas PiƱas City, Philippines :
_bSouthville International School and Colleges,
_c2014.
300 _a22 p. :
_bill. ;
_c28 cm.
504 _aIncludes bibliographical references.
650 _aMoringa
_vTherapeutic use.
650 _aStaphylococcus aureus
_vEffect of drugs.
650 _aPlant extracts
_vTherapeutic use.
650 _aMedicinal plants.
942 _2lcc
_cPASS
999 _c278606
_d278606